000 00208 a2200097 4500
001 11145
100 _aPhelips, C.H.
245 _aThe Partition of India
260 _a
_bGeorge Allen
_c
090 _c8699
_d8699
942 _aNUST-CAE
_cM
_c35487
999 _c246218
_d246218